000 01108naa a22003137a 4500
001 BR8005141
003 BR-BrBNA
005 20240918174647.0
007 ta
008 230509b bl.||||| |||| 00| 0 por d
040 _aBR-BrBNA
_bpor
_cBiblioteca Nacional de Agricultura
041 _a(Pt)
072 _aK10
_b3103
_b3575
_bG514
090 _aK10 BR8005141
100 1 _aBianchetti, A.
100 1 _aRamos, A.
111 1 _a1. Encontro da IUFRO
_cCuritiba, PR (Brazil)
_d21 Oct 1979
245 1 _aEstudos preliminares de secagem de sementes de Araucaria Angustifolia (Bert.)O. Ktze. [pinheiro-do-parana, plantio, Brasil]
260 3 _aCuritiba, PR (Brasil):
_c1980.
500 _aProblemas Florestais do Genero Araucaria Curitiba, PR (Brasil): 1980. p. 240-247 (BR8005141-AM)K10
650 _aPRODUCAO FLORESTAL
650 _aPINHEIRO-DO-PARANA
650 _aSEMENTE
650 _aPLANTIO
650 _aSECAGEM
773 0 _tProblemas Florestais do Genero Araucaria
_wK10 BR8005141
_gCuritiba, PR (Brasil), 1980. p. 240-247
909 _a202404
_bLucia
_c55
_dLucia Elande
942 _cAM
_2AGRIS
999 _c312683
_d312683